000
00316nam a2200109Ia 4500
008
171211s9999 xx 000 0 und d
245
_a
Ian Brown: Already in Me: With and Without the Roses
245
_c
Michael O'Connell
260
_c
2006
650
_x
music
856
_u
http://down.ebook777.com/063/184240332X.pdf
999
_c
348626
_d
348626